Sant Sadurní de Noya? : toponímia : contribució al seu estudi / Narcís Viader i Font toponímia :
Descripción Física:
85 p., [12] làm. ; 21 cm
Materias:
Topònims -- Sant Sadurní d'Anoia
MARC
| LEADER | 00000nam a2200000Ia 4500 | ||
|---|---|---|---|
| 001 | 797 | ||
| 008 | 160829s1979 xx 000 0 cat d | ||
| 080 | |a H-2-106 | ||
| 100 | |a Viader i Font, Narcís |9 47059 | ||
| 245 | |a Sant Sadurní de Noya? : |b toponímia : |b contribució al seu estudi / Narcís Viader i Font | ||
| 260 | |a Sant Sadurní de Noya : |b (T. G. Varias), |c 1979 | ||
| 300 | |a 85 p., [12] làm. ; |c 21 cm | ||
| 590 | |a Edició ampliada de les monografies dels anys 1974 i 1978. | ||
| 590 | |a Prové de S-702 | ||
| 650 | |a Topònims |x Sant Sadurní d'Anoia |9 47060 | ||
| 901 | |a Arxiu | ||
| 942 | |n 1 | ||
| 952 | |0 0 |1 0 |4 0 |6 H2106 |7 1 |9 53634 |a Arxiu |b Arxiu |d 2016-12-01 |l 0 |o H-2-106 |p 797 |r 2016-12-01 00:00:00 |w 2016-12-01 |y ARXIU | ||
| 999 | |c 57500 |d 57500 | ||